| 000 | 02098cam a2200337 i 4500 | ||
|---|---|---|---|
| 999 |
_c14581 _d14581 |
||
| 001 | 19762430 | ||
| 005 | 20191014101432.0 | ||
| 008 | 170628s2018 caua b 001 0 eng d | ||
| 010 | _a 2017947189 | ||
| 020 | _a978-1-4739-0651-8 (pbk) | ||
| 035 | _a(OCoLC)on1028017206 | ||
| 040 |
_aTULIB _beng _erda _cTULIB _dTULIB _dBDX _dOCLCQ _dYDX _dHALCL _dOCLCO _dOCLCF _dAU@ _dDLC |
||
| 042 | _alccopycat | ||
| 050 | 0 | 0 |
_aP90 _b.K4577 2018 |
| 082 | 0 | 4 |
_aDC 302.23 _22018 _bK469 |
| 100 | 1 |
_aKerry, Matthew, _d1969- _eauthor. _940334 |
|
| 245 | 1 | 0 |
_aIntroducing media practice : _bthe essential guide / _cMatthew Kerry and Georgia Stone. |
| 260 |
_aLondon : _bSAGE, _c2018 |
||
| 300 |
_axv, 204 pages : _billustrations ; _c24 cm |
||
| 504 | _aIncludes bibliographical references (pages 195-197) and index. | ||
| 505 | 0 | _a1. Media practice and employability : from project skills to real world skills -- 2. Media production teams : team skills and life skills -- 3. Media project briefs : from media student to media professional -- 4. Reaching your audience : media practice, production and consumption -- 5. Scripting your projects : ideas, forms and genres -- 6. Designing your projects : media practice and mise en scene -- 7. Constructing your projects : the technical elements of media practice -- 8. Organising media production : production roles and administration -- 9. Editing your projects : post-production, sound design and typography -- 10. Exhibition and distribution : online platforms, festivals and screenings -- 11. Evaluating your media projects : critical analysis and reflection on media project work -- 12. Employability and media practice : becoming career ready. | |
| 650 | 0 |
_aMass media. _940335 |
|
| 650 | 0 |
_aCommunication. _940336 |
|
| 650 | 7 |
_aCommunication. _2fast _940336 |
|
| 650 | 7 |
_aMass media. _2fast _940335 |
|
| 700 | 1 |
_aStone, Georgia, _eauthor. _940337 |
|
| 365 |
_b2,858.00 _cPhp |
||
| 906 |
_a7 _bcbc _ccopycat _d2 _eepcn _f20 _gy-gencatlg |
||
| 942 |
_2ddc _cDC |
||